| 000 | 00555nam a22002057a 4500 | ||
|---|---|---|---|
| 003 | OSt | ||
| 005 | 20140310182752.0 | ||
| 008 | 130202t xxu||||| |||| 00| 0 eng d | ||
| 020 | _a9748279707 | ||
| 050 |
_aZ694.15 _b.M888 1999 |
||
| 082 |
_aM 025.3076 _bM84 1999 |
||
| 245 |
_aLearn : _bdescriptive cataloguing / _cMortimer, Mary. |
||
| 260 |
_aCanberra : _bBook Promotion & Service Co., _c1999. |
||
| 300 |
_a239 p. ; _c31 cm. |
||
| 521 | _acollege students | ||
| 526 | _c1210L-1700L | ||
| 541 | _j1 | ||
| 562 | _e1 | ||
| 942 |
_2lcc _cBK _kM |
||
| 999 |
_c15776 _d15776 |
||